000 00427nam a2200157Ia 4500
005 20250626013336.0
008 240331s9999 xx 000 0 und d
020 _a9559768301
082 _bBAN
_a364
100 _aBandara Yapa,L.V
245 0 _aSri Lankawe aparadha pilibanda vimasumak
260 _aYakkale
_bLalith Vijitha Khandra Yapa
_c2002
300 _a105 p .,
500 _aA Survey of Crimes in Sri Lanka
942 _cL
999 _c5095
_d5095